| 000 | 01533nam a22003494a 4500 | ||
|---|---|---|---|
| 001 | ebr10044871 | ||
| 003 | CaPaEBR | ||
| 006 | m u | ||
| 007 | cr cn||||||||| | ||
| 008 | 010122s2001 enka sb 101 0 eng | ||
| 010 | _z 2001021880 | ||
| 020 | _z0333800176 | ||
| 040 |
_aCaPaEBR _cCaPaEBR |
||
| 035 | _a(OCoLC)559480272 | ||
| 050 | 1 | 4 |
_aHB3722 _b.W49 2001eb |
| 082 | 0 | 4 |
_a332/.042 _221 |
| 245 | 0 | 0 |
_aWhat global economic crisis? _h[electronic resource] / _cedited by Philip Arestis, Michelle Baddeley, and John McCombie. |
| 260 |
_aHoundmills, Basingstoke, Hampshire ; _aNew York : _bPalgrave, _c2001. |
||
| 300 |
_axviii, 258 p. : _bill. |
||
| 500 | _a"The papers in this book were presented at a conference on Global financial crisis, held in Gonville and Caius College, Cambridge, UK, in early September 1999"--Introd. | ||
| 504 | _aIncludes bibliographical references and index. | ||
| 533 |
_aElectronic reproduction. _bPalo Alto, Calif. : _cebrary, _d2013. _nAvailable via World Wide Web. _nAccess may be limited to ebrary affiliated libraries. |
||
| 650 | 0 |
_aFinancial crises _vCongresses. |
|
| 650 | 0 |
_aInternational finance _vCongresses. |
|
| 650 | 0 |
_aGlobalization _vCongresses. |
|
| 655 | 7 |
_aElectronic books. _2local |
|
| 700 | 1 |
_aArestis, Philip, _d1941- |
|
| 700 | 1 |
_aBaddeley, Michelle, _d1965- |
|
| 700 | 1 | _aMcCombie, J. S. L. | |
| 710 | 2 | _aebrary, Inc. | |
| 856 | 4 | 0 |
_uhttp://site.ebrary.com/lib/rucke/Doc?id=10044871 _zAn electronic book accessible through the World Wide Web; click to view |
| 999 |
_c179322 _d179322 |
||